Social movements and state in new global era / (Record no. 98365)

MARC details
000 -LEADER
fixed length control field 00768nam a22002177a 4500
005 - DATE AND TIME OF LATEST TRANSACTION
control field 20191212124402.0
010 ## - LCCN (DPL NO)
LC control number ENG-114494 B-731138
020 ## - INTERNATIONAL STANDARD BOOK NUMBER
International Standard Book Number 9788178442273
Terms of availability 1495.00
035 ## - SYSTEM CONTROL NUMBER
System control number EN-98026
035 ## - SYSTEM CONTROL NUMBER
System control number B-731138
037 ## - SOURCE OF ACQUISITION
Source of stock number/acquisition DBAD/PUB
082 ## - DEWEY DECIMAL CLASSIFICATION NUMBER
Classification number 303.954
245 ## - TITLE STATEMENT
Title Social movements and state in new global era /
Statement of responsibility, etc edited by Kamlesh Gupta ; foreworded by Krishna Gupta
260 ## - PUBLICATION, DISTRIBUTION, ETC. (IMPRINT)
Place of publication, distribution, etc New Delhi
Name of publisher, distributor, etc K.K. Publication
Date of publication, distribution, etc 2015
270 ## - ADDRESS
Address 4806/24, Bharatram Road, Daryaganj,
City New Delhi
Postal code 110002
300 ## - PHYSICAL DESCRIPTION
Extent 426p.
Dimensions 23cm(Hb)
500 ## - GENERAL NOTE
General note Includes bibliographical references
700 ## - ADDED ENTRY--PERSONAL NAME
Personal name Gupta, Kamlesh
942 ## - ADDED ENTRY ELEMENTS (KOHA)
Source of classification or shelving scheme Dewey Decimal Classification
Item type English Books
Call number suffix SOC
Classification part 303.954
Holdings
Withdrawn status Lost status Not for loan Collection code Home library Current library Date acquired Source of acquisition Cost, normal purchase price Full call number Barcode Copy number Cost, replacement price Koha item type
    Not For Loan Non-fiction D.B.Act.Division D.B.Act.Division 01/12/2015 DBAD/PUB 1495.00 303.954 SOC EN-98026 1 1495.00 English Books
      Non-fiction Kadipur Kadipur 12/12/2019 Gift/ Eng./13.11.2019 1495.00 303.954 SOC B-731138 1 1495.00 English Books

© Delhi Public Library
Hit Counter
free hit counter